000 01062nam a2200253Ia 4500
003 OSt
005 20220923211103.0
006 a|||||r|||| 00| 0
007 ta
008 220922b |||||||| |||| 00| 0 hin d
020 _a8179170233 (hbk)
_c175
024 _a245,305
037 _b367, 11/02/2011, Swaraj Prakashan
_cTextual
040 _aARTS
_cARTS
_bhin
041 _2hin
_ahin
082 _aXxN33, 152P2
100 _aसेन, अमर्त्य; अरविंद मोहन, अनु.
_9158051
245 0 _aअतीत का वर्तमान
_b भारतीय इतिहास के अध्ययन का संदर्भ
246 _aAtīt kā vartamāna: bhāratīya itihās ke adhyayan kā sandarbha
260 _aनई दिल्ली
_b ग्रंथ शिल्पी
_c2002
300 _a96पृ.
_ccm.
942 _hXxN33, 152P2
_cTEXL
_2CC
999 _c295053
_d295053